| 000 | 00684nam a22002177a 4500 | ||
|---|---|---|---|
| 003 | URS | ||
| 005 | 20250828100515.0 | ||
| 008 | 250326b ||||| |||| 00| 0 eng d | ||
| 040 | _cURS | ||
| 050 |
_aHB615 _b.L275 2012 |
||
| 100 |
_911671 _aLatman, Richard Keith |
||
| 245 |
_aThe Good Fail _bEntrepreneurial lesson from the rise and fall of Microworkz |
||
| 264 |
_aHoboken, New Jersey _bJohn Wiley & Sons, Inc. _c©2012 |
||
| 336 |
_2rdacontent _atext |
||
| 337 |
_2rdamedia _aunmediated |
||
| 338 |
_2rdacarrier _avolume |
||
| 650 | 0 |
_95401 _aEntrepreneurship |
|
| 650 | 0 |
_911673 _aBusiness Failures |
|
| 650 | 0 |
_911674 _aBusiness & Economics / Entrepreneurship |
|
| 942 |
_2lcc _cCR |
||
| 999 |
_c85073 _d85071 |
||